=LDR 00000nam 2200000 4500 =001 INLIS000000000014116 =005 20130612105418 =008 ***********************************Ind** =035 ##$$0010-061300000014116 =041 ##$$a Ind =082 ##$$a F 813 =090 ##$$a F 813, Sho c =100 ##$$a Sholeh UG =245 ##$$a Cinta itu berkah bukan musibah, Sholeh UG =260 ##$$a 2004 $b Yogyakarta =300 ##$$a xvii, 88 hlm, 18 cm =650 ##$$a Fiksi Indonesia =850 ##$$a NBPNMAT